000 00527nam a2200181Ia 4500
999 _c15129
_d15129
003 OSt
005 20201113161221.0
008 190216s9999||||xx |||||||||||||| ||und||
040 _coclc
082 _a425
_bTHO/I
100 _aThomas, Annamma M
_96506
245 0 _a200+200 Questions & Answers For IELTS Test Of Speaking /
_cAnnamma M Thomas
250 _a2nd Ed.
260 _bWord Publications,
_c2005.
_aKochi:
300 _a100p
650 _aEnglish
942 _cBK
_2ddc
_h425
_iTHO/I
_k425
_mTHO/I